Score 0/20 Timer 05:00
1 Play Today
% Correct
George W. Bush & Laura Bush
95.4%
John Travolta
93.4%
Michael Douglas
93%
Anne Buydens & Ronald Reagan
91.9%
Jimmy Carter
90.8%
John Wayne
90.8%
Annette Bening, Danny DeVito & Christopher Lloyd
90.5%
Walt Disney
82.9%
Frank Sinatra
82%
Catherine Zeta-Jones
81.4%
% Correct
Kim Kardashian
75.6%
Angela Lansbury
73.7%
Elizabeth Taylor
70.2%
Sophia Loren
65.7%
Bryan Cranston
58.4%
Lauren Bacall
43.7%
Robert Mitchum
39.9%
Burt Lancaster
34.3%
Olivia de Havilland
15.4%
Faye Dunaway
15.2%
Remove Ads.
Support Sporcle.
Get the best of Sporcle when you Go Orange. This ad-free experience offers more features, more stats, and more fun while also helping to support Sporcle. Thank you for becoming a member.

You're not logged in!

Compare scores with friends on all Sporcle quizzes.
OR
Log In

Show Comments

Extras

Top Quizzes Today


Score Distribution

Your Account Isn't Verified!

In order to create a playlist on Sporcle, you need to verify the email address you used during registration. Go to your Sporcle Settings to finish the process.

Report this User

Report this user for behavior that violates our Community Guidelines.

Details: